00442nam a2200181Ia 4500008004100000020001800041245004100059245002000100260001500120260001600135260000900151300001500160300002500175300001000200440002300210500000800233999001900241170705s9999 xx 000 0 und d a9780531260319 aLearning about the earth mountains / cEmily K. Green. aNew York : bScholastic, c2011 a24 pages : bcolor illustration ; c23cm. aBlastoff! Readers. a480 c335724d335724